<?xml version="1.0" encoding="UTF-8"?>
<record
    xmlns:xsi="http://www.w3.org/2001/XMLSchema-instance"
    xsi:schemaLocation="http://www.loc.gov/MARC21/slim http://www.loc.gov/standards/marcxml/schema/MARC21slim.xsd"
    xmlns="http://www.loc.gov/MARC21/slim">

  <leader>02324nam a2200349 a 4500</leader>
  <controlfield tag="001">100194</controlfield>
  <controlfield tag="003">FlNmELB</controlfield>
  <controlfield tag="005">20241217173030.0</controlfield>
  <controlfield tag="006">m     o  d |      </controlfield>
  <controlfield tag="007">cr cn|||||||||</controlfield>
  <controlfield tag="008">201211r2009    ec |||||s|||||||||||spa d</controlfield>
  <datafield tag="035" ind1=" " ind2=" ">
    <subfield code="a">(MiAaPQ)EBC3201213</subfield>
  </datafield>
  <datafield tag="035" ind1=" " ind2=" ">
    <subfield code="a">(Au-PeEL)EBL3201213</subfield>
  </datafield>
  <datafield tag="035" ind1=" " ind2=" ">
    <subfield code="a">(CaPaEBR)ebr10592165</subfield>
  </datafield>
  <datafield tag="035" ind1=" " ind2=" ">
    <subfield code="a">(OCoLC)929376737</subfield>
  </datafield>
  <datafield tag="040" ind1=" " ind2=" ">
    <subfield code="a">FlNmELB</subfield>
    <subfield code="b">spa</subfield>
    <subfield code="c">FlNmELB</subfield>
  </datafield>
  <datafield tag="050" ind1=" " ind2="4">
    <subfield code="a">TN870</subfield>
    <subfield code="b">J36 2009</subfield>
  </datafield>
  <datafield tag="080" ind1=" " ind2=" ">
    <subfield code="a">665.6</subfield>
  </datafield>
  <datafield tag="082" ind1="0" ind2="4">
    <subfield code="a">665.5</subfield>
    <subfield code="2">22</subfield>
  </datafield>
  <datafield tag="100" ind1="1" ind2=" ">
    <subfield code="a">Jaque Aimaca&#xF1;a, David Wilfrido.</subfield>
  </datafield>
  <datafield tag="245" ind1="1" ind2="0">
    <subfield code="a">Estudio t&#xE9;cnico econ&#xF3;mico para controlar el incremento de la producci&#xF3;n de agua en el campo Sansahuari</subfield>
    <subfield code="h">[recurso electronico] /</subfield>
    <subfield code="c">David Wilfrido Jaque Aimaca&#xF1;a ; dir.: Johnny Zambrano.</subfield>
  </datafield>
  <datafield tag="260" ind1=" " ind2=" ">
    <subfield code="a">Quito :</subfield>
    <subfield code="b">Escuela Polit&#xE9;cnica Nacional,</subfield>
    <subfield code="c">2009.</subfield>
  </datafield>
  <datafield tag="300" ind1=" " ind2=" ">
    <subfield code="a">xx, 251 p.</subfield>
  </datafield>
  <datafield tag="520" ind1=" " ind2=" ">
    <subfield code="a">Petroproducci&#xF3;n est&#xE1; preocupada debido al incremento excesivo de la producci&#xF3;n agua as&#xED; que se est&#xE1; registrando &#xFA;ltimamente la vida productiva de los pozos. en los reservorios productores del Campo Sansahuari, por lo que es oportuno realizar un estudio t&#xE9;cnico que permita seleccionar el tratamiento adecuado para controlar el avance de agua y beneficiar La producci&#xF3;n de agua en los campos petroleros del Ecuador se incrementa a medida que avanza el tiempo de explotaci&#xF3;n especialmente en un yacimiento por empuje Hidr&#xE1;ulico. Esto implica que, cada la aplicaci&#xF3;n de tecnolog&#xED;as mec&#xE1;nicas y qu&#xED;micas. vez se requiera de la implementaci&#xF3;n de alternativas tecnol&#xF3;gicas que permitan optimizar la reducci&#xF3;n de agua desde el yacimiento. Entre las alternativas de control de agua se tiene La preservaci&#xF3;n del reservorio se determina corte de agua y agua y la declinaci&#xF3;n natural b&#xE1;sicamente por el incremento del del yacimiento, el determinar las causas por las cuales se da el incremento en la proyecto busca crudo.</subfield>
  </datafield>
  <datafield tag="533" ind1=" " ind2=" ">
    <subfield code="a">Recurso electr&#xF3;nico. Santa Fe, Arg.: e-libro, 2015. Disponible v&#xED;a World Wide Web. El acceso puede estar limitado para las bibliotecas afiliadas a e-libro.</subfield>
  </datafield>
  <datafield tag="650" ind1=" " ind2="4">
    <subfield code="a">Ingenier&#xED;a de petr&#xF3;leos.</subfield>
  </datafield>
  <datafield tag="650" ind1=" " ind2="4">
    <subfield code="a">Petroleum engineering.</subfield>
  </datafield>
  <datafield tag="655" ind1=" " ind2="4">
    <subfield code="a">Libros electr&#xF3;nicos.</subfield>
  </datafield>
  <datafield tag="700" ind1="1" ind2=" ">
    <subfield code="a">Zambrano, Johnny,</subfield>
    <subfield code="e">dir.</subfield>
  </datafield>
  <datafield tag="710" ind1="2" ind2=" ">
    <subfield code="a">e-libro, Corp.</subfield>
  </datafield>
  <datafield tag="856" ind1="4" ind2="0">
    <subfield code="u">https://elibro.net/ereader/politecnicointernacional/85732</subfield>
  </datafield>
  <datafield tag="999" ind1=" " ind2=" ">
    <subfield code="c">100194</subfield>
    <subfield code="d">100194</subfield>
  </datafield>
</record>
